The work of cities /

Disimpan dalam:
Butiran Bibliografi
Pengarang Utama: Clarke, Susan E., 1945-
Pengarang-pengarang Lain: Gaile, Gary L.
Format: Buku
Bahasa:English
Diterbitkan: Minneapolis : University of Minnesota Press, c1998.
Siri:Globalization and community ; v. 1.
Subjek-subjek:
Penanda-penanda: Tambah Penanda
Tiada Penanda, Jadilah orang pertama menanda rekod ini!
LEADER 01026nam a22003138a 4500
001 007722975-4
005 20151124032644.0
008 980113s1998 mnu b 001 0 eng
010 |a  98010858  
020 |a 0816628920 (hc : alk. paper) 
020 |a 0816628939 (pbk. : alk. paper) 
035 0 |a ocm38207020 
040 |a DLC  |c DLC 
050 0 0 |a HN49.C6  |b C573 1998 
082 0 0 |a 307.1/416/0973  |2 21 
100 1 |a Clarke, Susan E.,  |d 1945- 
245 1 4 |a The work of cities /  |c Susan E. Clarke and Gary L. Gaile. 
260 |a Minneapolis :  |b University of Minnesota Press,  |c c1998. 
300 |a xvi, 282 p. ;  |c 24 cm. 
490 1 |a Globalization and community ;  |v v. 1 
504 |a Includes bibliographical references and index. 
650 0 |a Community development, Urban. 
650 0 |a Urban economics. 
650 0 |a Community development, Urban  |x Case studies. 
700 1 |a Gaile, Gary L. 
730 0 |a Project Muse UPCC books  |5 net 
830 0 |a Globalization and community ;  |v v. 1. 
988 |a 20020608 
906 |0 DLC